[Event "AJEC Gr05 email"]
[Site "France"]
[Date "2000.??.??"]
[Round "?"]
[White "Cavril, Stephane"]
[Black "Ribiere, Jim"]
[Result "1-0"]
[WhiteElo "2272"]
[BlackElo "1850"]
[PlyCount "31"]
[EventDate "2000.03.20"]
[EventType "tourn (corr)"]
[EventRounds "10"]
[EventCountry "FRA"]
[SourceTitle "Corr 2004"]
[Source "ChessBase"]
[SourceDate "2003.04.28"]
[SourceVersion "3"]
[SourceVersionDate "2003.04.28"]
[SourceQuality "1"]

1. c4 e5 2. g3 Nf6 3. Bg2 d5 4. cxd5 Nxd5 5. Nc3 Nb6 6. a3 Be7 7. d3 0-0 8. Nf3 Nc6 9. 0-0 a6 10. Be3 Nd5 11. Nxd5 Qxd5 12. Nd4 Qd6 13. Nxc6 bxc6 14. Rc1 Rb8 15. Rxc6 Bb7 16. Rxd6 1-0